000
00293nam a22001337a 4500
008
181102b xxu||||| |||| 00| 0 eng d
020
_a
9780137635900
041
_a
eng
080
_a
371
100
_a
46
101
_a
EDU
245
_a
Reading with Meaning
_c
Hennings, D.G
942
_2
udc
_c
BK
999
_c
51650
_d
51650